Три ровесниці: до сторіччя народин Уляни Кравченко, Марії Башкірцев, Марії Заньковецької (1860-1960) (Запис № 307391)

МАРК-запис
000 -LEADER
fixed length control field 00885nam a22002537a 4500
001 - CONTROL NUMBER
control field 21198
003 - CONTROL NUMBER IDENTIFIER
control field UA-OsUOA
005 - DATE AND TIME OF LATEST TRANSACTION
control field 20201223215215.0
007 - PHYSICAL DESCRIPTION FIXED FIELD--GENERAL INFORMATION
fixed length control field ta
008 - FIXED-LENGTH DATA ELEMENTS--GENERAL INFORMATION
fixed length control field 20031121b un ||||| |||| 00| 0 ukr d
040 ## - CATALOGING SOURCE
Original cataloging agency UA-OsUOA
Language of cataloging rus
Transcribing agency UA-OsUOA
Modifying agency UA-OsUOA
041 ## - LANGUAGE CODE
Language code of text/sound track or separate title rus
044 ## - COUNTRY OF PUBLISHING/PRODUCING ENTITY CODE
MARC country code US
080 ## - UNIVERSAL DECIMAL CLASSIFICATION NUMBER
Universal Decimal Classification number 94(477): 929
090 ## - LOCALLY ASSIGNED LC-TYPE CALL NUMBER (OCLC); LOCAL CALL NUMBER (OCLC)
Classification number (OCLC) (R) ; Classification number, CALL (RLIN) (NR) 94(477): 929
Local cutter number (OCLC) ; Book number/undivided call number, CALL (RLIN) К53
100 ## - MAIN ENTRY--PERSONAL NAME
Personal name Книш І.
245 ## - TITLE STATEMENT
Title Три ровесниці: до сторіччя народин Уляни Кравченко, Марії Башкірцев, Марії Заньковецької (1860-1960)
260 ## - PUBLICATION, DISTRIBUTION, ETC. (IMPRINT)
Place of publication, distribution, etc Вінніпег
Name of publisher, distributor, etc Накладом авторки
Date of publication, distribution, etc 1960
300 ## - PHYSICAL DESCRIPTION
Extent 320 с.
Other physical details Ілюстрації
650 #7 - SUBJECT ADDED ENTRY--TOPICAL TERM
Topical term or geographic name as entry element 9 Географія. Біографії. Історія
Source of heading or term UDC
942 ## - ADDED ENTRY ELEMENTS (KOHA)
Koha item type Книги
Source of classification or shelving scheme Universal Decimal Classification
955 ## - COPY-LEVEL INFORMATION (RLIN)
Classification number, CCAL (RLIN) Наукові видання
Фонди
Withdrawn status Lost status Source of classification or shelving scheme Damaged status Not for loan Home library Current library Date acquired Source of acquisition Cost, normal purchase price Inventory number Total Checkouts Full call number Barcode Date last seen Price effective from Koha item type Collection code
    Universal Decimal Classification     АБ - Абонемент НБ АБ - Абонемент НБ 26/04/2017 22/2017 18.00 153691   94(477): 929 К53 153691 20/01/2022 21/11/2003 Книги  
    Universal Decimal Classification     АБ - Абонемент НБ АБ - Абонемент НБ 21/11/2003     52126   94(477): 929 К53 52126 29/03/2022 21/11/2003 Книги  
    Universal Decimal Classification     АБ - Абонемент НБ АБ - Абонемент НБ 12/06/2012 48/2012 6.00 139219   94(477): 929 К53 139219 06/02/2022 12/06/2012 Книги Колекція бібліотеки інституту Св. Івана